1234 1022 1543 1926 1820 1957 1437 1578 1117 1977 1715 1354 1508 1931 1045 1886 1710 1508 1120 1270 1481 1248 1076 1418 1274 1117 1453 1692 1728 1727 1462 1052 1521 1424 1994 1580 1922 1393 1655 1190 1206 1919 1780 1621 1231 1280 1960 1865 1894 1121 1983 1362 1530 1901 1567 1113 1400 1432 1641 1687 1400 1566 1300 1840 1719 1081 1663 1605 1199 1376 1598 1538 1521 1177 1022 1033 1832 1782 1029 1326 1583 1450 1851 1437 1561 1815 1303 1156 1323 1985 1197 1768 1618 1161 1171 1396 1895 2000 1900 BCNSPRNW ULIB Ver.6.0+V

เปลี่ยนเป็นภาษาไทย

Change to English
 แสดงรายละเอียดบรรณานุกรม
  กลับหน้าหลัก

Brief Record : Get Marc (ISO 2709) : E-mail record : QR code < ปิดหน้าต่าง
LEADER : 00000nam 2200000uu 4500
001    13399114943
003     ULIB
008    120622s2552||||th 000 0 tha d
020    ^a9742938148
060 04 ^aWY159^bพ239ก ล.1 2552
100 0  ^aพรทิพย์ ศิริบูรณ์พัฒนา
245 00 ^aการพยาบาลเด็ก^nเล่ม 1 /^cพรทิพย์ ศิริบูรณ์พัฒนา,บรรณาธิการ
250    ^aพิมพ์ครั้งที่ 7
260    ^aนนทบุรี :^bโครงการสวัสดิการวิชาการ สถาบันพระบรมราชชนกกระทรวงสาธารณสุข,^c2552
300    ^a[9], 255 หน้า :^bภาพประกอบ ;^c26 ซม.
650  7 ^aการพยาบาลกุมารเวชศาสตร์
700 0  ^aพรทิพย์ ศิริบูรณ์พิพัฒนา,^eบรรณาธิการ
710 2  ^aสถาบันพระบรมราชชนก. ^bโครงการสวัสดิการวิชาการ
945    ^p180^l0^i16950
945    ^p180^l0^i19526
995    ^aกัณชพร
999    ^aใช้งานได้ทุกระบบ
รายการนี้ยังไม่มีแท็ก
คุณยังไม่ได้ล็อกอิน คุณสามารถมีกิจกรรมร่วมกับเว็บไซต์ได้ แต่ต้องล็อกอินก่อน ::
  ล็อกอิน

รายการสื่อสารสนเทศ

ลำดับที่ ประเภท เลขเรียก/บาร์โค้ด สถานที่ สถานะ
- ไม่พบข้อมูล -

รายการใกล้เคียง
    ผู้แต่ง [พรทิพย์ ศิริบูรณ์พัฒนา]

    หัวเรื่อง [การพยาบาลกุมารเวชศาสตร์]

BibComment


ยังไม่เคยถูกคอมเมนท์

คอมเมนท์ทรัพยากรรายการนี้
  คอมเมนท์: การพยาบาลเด็ก เล..


 Copyright 2026. Bcnsprnw @Library